000 00909nam a2200265Ia 4500
003 OSt
005 20221007123909.0
006 a|||||r|||| 00| 0
007 ta
008 221006b |||||||| |||| 00| 0 eng d
020 _a9780470037355 (hbd)
024 _a80853
037 _b195, 19/03/2008, Dhanraj Book House
_cTextbook
040 _aCDL
_cCDL
_beng
041 _2eng
_aeng
082 _aE:215, P8-;1 Carc
100 _aShaik Sason
_9718100
245 0 _aChemist's guide to valence bond theory
_b Hiberty Philippe C
260 _aHoboken
_bJohn Wiley & Sons
_c2008
300 _axiv,316p.
_ccm.
500 _aIncludes bibliographical references; Glossary 306-310p; Index 311-316p
700 _a Hiberty Philippe C
_9718101
942 _hE:215, P8-;1 Carc
_cTB
_2CC
999 _c1212633
_d1212633